Statistics for Blueberry Pokedex

Click here to take the quiz!

General Stats

  • This quiz has been taken 71 times
  • The average score is 177 of 243

Answer Stats

#Answer% Correct
164Bulbasaur
96%
161Duraludon
96%
162Archaludon
92%
169Charizard
92%
167Charmander
92%
168Charmeleon
92%
002Dodrio
92%
001Doduo
92%
003Exeggcute
92%
004Exeggutor
92%
163Hydrapple
92%
165Ivysaur
92%
006Rhydon
92%
005Rhyhorn
92%
007Rhyperior
92%
075Slowpoke
92%
166Venusaur
92%
174Bayleef
88%
172Blastoise
88%
187Blaziken
88%
173Chikorita
88%
186Combusken
88%
180Croconaw
88%
176Cyndaquil
88%
181Feraligatr
88%
189Marshtomp
88%
175Meganium
88%
188Mudkip
88%
177Quilava
88%
076Slowbro
88%
077Slowking
88%
170Squirtle
88%
190Swampert
88%
050Tentacool
88%
051Tentacruel
88%
185Torchic
88%
179Totodile
88%
178Typhlosion
88%
171Wartortle
88%
213Braixen
85%
211Chesnaught
85%
209Chespin
85%
194Chimchar
85%
214Delphox
85%
207Dewott
85%
011Electabuzz
85%
012Electivire
85%
010Elekid
85%
205Emboar
85%
199Empoleon
85%
192Grotle
85%
183Grovyle
85%
016Happiny
85%
196Infernape
85%
013Magby
85%
014Magmar
85%
015Magmortar
85%
195Monferno
85%
206Oshawott
85%
204Pignite
85%
197Piplup
85%
198Prinplup
85%
210Quilladin
85%
208Samurott
85%
184Sceptile
85%
020Scizor
85%
019Scyther
85%
202Serperior
85%
201Servine
85%
200Snivy
85%
203Tepig
85%
193Torterra
85%
182Treecko
85%
191Turtwig
85%
018Blissey
81%
017Chansey
81%
212Fennekin
81%
046Flygon
81%
215Froakie
81%
216Frogadier
81%
133Galvantula
81%
217Greninja
81%
132Joltik
81%
021Kleavor
81%
116Magnemite
81%
117Magneton
81%
237Raging Bolt
81%
053Seadra
81%
044Trapinch
81%
045Vibrava
81%
154Beartic
77%
137Beldum
77%
225Brionne
77%
232Cinderace
77%
153Cubchoo
77%
144Dewgong
77%
066Diglett
77%
067Dugtrio
77%
135Eelektrik
77%
136Eelektross
77%
068Grimer
77%
227Grookey
77%
052Horsea
77%
118Magnezone
77%
139Metagross
77%
138Metang
77%
069Muk
77%
074Oricorio
77%
047Pikipek
77%
224Popplio
77%
226Primarina
77%
146Qwilfish
77%
229Rillaboom
77%
218Rowlet
77%
230Scorbunny
77%
143Seel
77%
233Sobble
77%
240Terapagos
77%
228Thwackey
77%
049Toucannon
77%
048Trumbeak
77%
134Tynamo
77%
065Bellossom
73%
023Blitzle
73%
033Braviary
73%
219Dartrix
73%
220Decidueye
73%
234Drizzile
73%
149Duosion
73%
063Gloom
73%
123Golett
73%
124Golurk
73%
094Hitmonchan
73%
093Hitmonlee
73%
223Incineroar
73%
235Inteleon
73%
238Iron Crown
73%
054Kingdra
73%
221Litten
73%
035Mandibuzz
73%
158Ninetales
73%
062Oddish
73%
147Overqwil
73%
231Raboot
73%
150Reuniclus
73%
148Solosis
73%
222Torracat
73%
064Vileplume
73%
034Vullaby
73%
157Vulpix
73%
024Zebstrika
73%
043Alcremie
69%
085Alomomola
69%
110Bastiodon
69%
073Crabominable
69%
072Crabrawler
69%
107Cranidos
69%
095Hitmontop
69%
239Iron Boulder
69%
242Iron Leaves
69%
120Minun
69%
119Plusle
69%
108Rampardos
69%
032Rufflet
69%
155Sandshrew
69%
156Sandslash
69%
109Shieldon
69%
092Tyrogue
69%
009Venomoth
69%
008Venonat
69%
241Walking Wake
69%
088Fletchinder
65%
087Fletchling
65%
236Gouging Fire
65%
145Lapras
65%
042Milcery
65%
243Pecharunt
65%
129Porygon
65%
089Talonflame
65%
160Abomasnow
62%
126Camerupt
62%
104Espurr
62%
096Geodude
62%
098Golem
62%
097Graveler
62%
082Luvdisc
62%
105Meowstic
62%
125Numel
62%
130Porygon2
62%
131Porygon-Z
62%
122Scrafty
62%
121Scraggy
62%
159Snover
62%
022Tauros
62%
078Chinchou
58%
058Comfey
58%
056Cottonee
58%
038Deerling
58%
099Drilbur
58%
100Excadrill
58%
083Finneon
58%
028Krokorok
58%
029Krookodile
58%
079Lanturn
58%
036Litleo
58%
084Lumineon
58%
106Minior
58%
037Pyroar
58%
027Sandile
58%
039Sawsbuck
58%
113Skarmory
58%
057Whimsicott
58%
091Araquanid
54%
140Axew
54%
055Bruxish
54%
090Dewpider
54%
026Farigiraf
54%
141Fraxure
54%
025Girafarig
54%
101Gothita
54%
103Gothitelle
54%
102Gothorita
54%
152Granbull
54%
142Haxorus
54%
031Rabsca
54%
030Rellor
54%
040Smeargle
54%
151Snubbull
54%
080Inkay
50%
081Malamar
50%
041Rotom
50%
086Torkoal
50%
112Cinccino
46%
111Minccino
46%
061Slaking
46%
059Slakoth
46%
060Vigoroth
46%
071Seviper
42%
070Zangoose
42%
127Sinistea
38%
128Polteageist
35%
115Altaria
31%
114Swablu
31%

Score Distribution

Percentile by Number Answered

Percent of People with Each Score

Your Score History

You have not taken this quiz